Normal view
MARC view
- Maxwell, james clerk
Entry Personal Name
001 - CONTROL NUMBER
- control field: 5258
003 - CONTROL NUMBER IDENTIFIER
- control field: OSt
005 - DATE AND TIME OF LATEST TRANSACTION
- control field: 20220924103951.0
008 - FIXED-LENGTH DATA ELEMENTS
- fixed length control field: 220924|| aca||aabn | a|a d
040 ## - CATALOGING SOURCE
- Original cataloging agency: OSt
- Transcribing agency: OSt
100 ## - HEADING--PERSONAL NAME
- Personal name: Maxwell, james clerk
670 ## - SOURCE DATA FOUND
- Source citation: Work cat.: (OSt)17557: Maxwell, james clerk, A treatise on electricity and magnetism vol 2, 1891
